Histórias tradicionais portuguesas contadas de novo (Registo nº 28447)
[ vista simples ]
| 000 -Etiqueta do registo | |
|---|---|
| Valores | 00683cam a2200253 4500 |
| 010 ## - Número ISBN | |
| ISBN | 9722621033 |
| 021 ## - Número do Depósito Legal | |
| -- | PT |
| Número | 182 062/02 |
| 090 ## - | |
| -- | 28447 |
| 100 ## - Dados gerais de processamento | |
| Dados gerais | 20070919d2003 ccay0pory5003 ba |
| 101 0# - Língua de publicação | |
| -- | por |
| 102 ## - País de publicação | |
| -- | PT |
| 105 ## - | |
| -- | a z 001ay |
| 106 ## - | |
| -- | r |
| 200 1# - Titulo e menção de responsabilidade | |
| Título próprio | Histórias tradicionais portuguesas contadas de novo |
| Primeira menção de responsabilidade | António Torrado |
| Outras menções de responsabilidade | il. Maria João Lopes |
| 210 ## - Publicação | |
| Local de publicação | Porto |
| Nome do editor | Civilização, |
| Data de publicação | 2003 |
| 215 ## - Descrição física | |
| Paginação / Volumes | 116 p. |
| Outras indicações físicas | il. |
| Dimensões | 34 cm |
| 675 ## - CDU | |
| Notação | 087.5 |
| -- | 2104 |
| 675 ## - CDU | |
| Notação | 821.134.3-93"19" |
| 700 #1 - Autor principal (pessoa individual) | |
| Apelido | Torrado, |
| Nome | António, |
| Datas | 1939- |
| ID Autoridade | 404 |
| 702 #1 - Autor secundário (pessoa individual) | |
| Apelido | Lopes, |
| Nome | Maria João |
| -- | 440 |
| ID Autoridade | 2398 |
| 930 ## - | |
| -- | BECRE |
| 990 ## - Elementos KOHA | |
| Tipo de documento | Livro |
| 995 ## - Localização e informação dos exemplares | |
| -- | 18 |
| 995 ## - Localização e informação dos exemplares | |
| -- | 18 |
| Situação do levantamento | Estado | Biblioteca de origem | Biblioteca de empréstimo | Código de barras | Cota | Permissão de empréstimo | Tipo de documento |
|---|---|---|---|---|---|---|---|
| Completo | Biblioteca da Escola Básica de Aguiar | Biblioteca da Escola Básica de Aguiar | 33BA | 087.5 TOR | Disponível | Livro | |
| Completo | Biblioteca da Escola Básica e Secundária Dr Isidoro de Sousa | Biblioteca da Escola Básica e Secundária Dr Isidoro de Sousa | 6782EV | 087.5 TOR | Disponível | Livro |